000 00825nas a2200277 4500
001 BR0601119
003 BR-BrBNA
005 20231205105902.0
007 ta
008 230509b bl.|||p| |||| 00| 00por d
040 _aBR-BrBNA
_bpor
_cBiblioteca Nacional de Agricultura
041 _a(Pt)
072 _aQ03
100 1 _aSantos, L.M.G. dos
100 1 _aJacob, S. do C.
245 1 _aAvaliação do risco por ingestão de arsênio presente em produtos da cesta básica dos brasileiros
650 _aALIMENTO
650 _aCONTAMINAÇÃO
650 _aARSÊNICO
650 _aAGROTÓXICO
650 _aÁGUA
650 _aPESQUISA
773 0 _tHigiene Alimentar (Brazil)
_xISSN 0101-9171
_g(Nov-Dec 2005), v. 19(137) p. 66-72
_wBR0601119
909 _a202311
_bLúcia
_c55
_dLúcia Elande
942 _2AGRIS
_n0
_cANA
999 _c185186
_d185186